Elden Ring: All Weapon Types (Excluding DLC Weapons) - Statistics

General Stats
  • This quiz has been taken 32 times
    31 since last reset
  • The average score is 23 of 31
Answer Stats
Example Weapon Type % Correct
Bloodhound's Fang Curved Greatsword
100%
Crystal Knife Dagger
100%
Claymore Greatsword
100%
Pickaxe Great Hammer
95%
sword of St Trina Straight Sword
95%
Mace Hammer
89%
Iron Cleaver Axe
79%
Zweihander Colossal Sword
79%
Scimitar Curved Sword
79%
Dragon King's Cragblade Heavy Thrusting Sword
79%
Rapier Thrusting Sword
79%
Black Bow Bow
74%
Bastard's Stars Flail
74%
Rusted Cleaver Greataxe
74%
Lion Greatbow Greatbow
74%
Serpent-Hunter Great Spear
74%
Harp Bow Light Bow
74%
Pike Spear
74%
Godskin Peeler Twinblade
74%
Giant-Crusher Colossal Weapon
68%
Carian Regal Scepter Glintstone Staff
68%
Serpentbone Blade Katana
68%
Erdtree Seal Sacred Seal
68%
Steel-Wire Torch Torch
68%
Hookclaws Claws
63%
Arbalest Crossbow
63%
Nightrider Glave Halberd
63%
Giant's Red Braid Whip
63%
Jar Cannon Ballista
47%
Caestus Fists
42%
Winged Sycthe Reaper
42%
No matching quizzes found
Score Distribution
Percent of People with Each Score
Percentile by Number Answered
Your Score History
You have not taken this quiz since the last reset